Booba - Carrière - Statistiques

Statistiques générales
  • Ce quiz a été pris 40 fois
    8 depuis la dernière actualisation
  • Le résultat moyen est 76 sur 312
Statistiques - réponses
Hint Réponse % Correct
1 Temps mort
100%
13 4G
86%
2021 92i (feat. Bilton, Green Montana, SDM & Sicario)
86%
1 2.0
71%
7 5G
71%
2025 (remix) 5G (feat. Koston & SubLife)
71%
4 92i veyron
71%
2025 (remix) 92i veyron (feat. STER & SubLife)
71%
2025 92i veyron - Live Symphonic - Paris La Défense Aréna 2025
71%
2024 (remix) Dolce Camara (feat. Akalex & Dee Mad)
71%
3 Dolce Camara (feat. SDM)
71%
2024 (remix) Dolce Camara (feat. SDM & Snight B)
71%
1 D.U.C
71%
2022 Fin (feat. Dala)
71%
16 Futur
71%
2 Maki Sall Music
71%
10 O.G (feat. Mala)
71%
1 Walabok
71%
15 0.9
57%
15 2PAC
57%
17 3 G
57%
2 A.C. Milan
57%
9 Billets verts
57%
2025 (remix) Boulbi (feat. Jaykill & SubLife)
57%
7 Charbon
57%
2020 Charbon (feat. Leto)
57%
11 Comme une étoile
57%
2025 Comme une étoile - Live Symphonic - Paris La Défense Aréna 2025
57%
14 (Bonus Track) DKR
57%
2024 (remix) DKR (feat. Jaykill & SubLife)
57%
1 G5 - Intro
57%
8 Kalash (feat. Kaaris)
57%
2025 (remix) Kalash (feat. Koston & SubLife)
57%
7 Le bitume avec une plume
57%
2 Le D.U.C
57%
4 Ma définition
57%
4 N°10
57%
19 OKLM
57%
6 Ouest Side
57%
10 Pinocchio (feat. Damso & Gato)
57%
9 Pitbull
57%
13 Pourvu Qu'Elles M'Aiment
57%
2 Saga
57%
2024 (remix) Saga (feat. Ghenda & SubLife)
57%
2 Talion
57%
4 Tombé pour elle
57%
3 Turfu
57%
11 100-8 Zoo (feat. Brams, Sir Doum's, Issaka & Mala)
43%
11 113 (feat. Damso)
43%
6 6G
43%
8 Animals (feat. Lim & Moussa)
43%
12 Bâtiment C
43%
2020 Blanche (feat. Maes)
43%
2 Caesar Palace (feat. Diddy)
43%
11 Comme les autres
43%
2025 DD (feat. Benash)
43%
15 (Bonus Track) E.L.E.P.H.A.N.T
43%
1 | 5 Garcimore
43%
2 Garde la pêche
43%
9 Génération assassin
43%
2019 GLAIVE
43%
11 G-Love (feat. Farruko)
43%
1 Intro
43%
11 Jimmy
43%
9 Jour de paye
43%
18 La mort leur va si bien
43%
3 Le Duc de Boulogne
43%
7 Longueur d'avance (feat. GIMS)
43%
8 Lunatic (feat. Akon)
43%
2018 Madrina (feat. Maes)
43%
2019 Médicament (feat. Niska)
43%
2025 (remix) Mona Lisa (feat. Ibara & SubLife)
43%
5 Mona Lisa (feat. JSX)
43%
9 Mon Son
43%
2025 (remix) Mové Lang (feat. AKIRA BPM, Bridjahting, Gato, Milan Tavares & SubLife)
43%
9 Mové lang (feat. Bridjahting & Gato)
43%
8 Nougat
43%
2025 (remix) Nougat (feat. Grace Kim & SubLife)
43%
12 On m'a dit
43%
12 Paradis
43%
2016 Paris c'est loin (feat. Damso)
43%
13 Petite fille
43%
2025 Petite fille - Live Symphonic - Paris La Défense Aréna 2025
43%
6 R.A.P (feat. Sir Doum's)
43%
13 Rolex (feat. Gato)
43%
6 RTC
43%
12 Scarface
43%
1 Tallac
43%
8 T.L.T
43%
2 Tony Sosa
43%
2024 (remix) Tony Sosa (feat. Christopher Ghenda, Ghenda & SubLife)
43%
14 Tout c'que j'ai
43%
12 Ultra
43%
4 Une vie
43%
5 Validée (feat. Benash)
43%
3 Zer (feat. Benash & Siboy)
43%
5 Abracadabra
29%
6 Attila
29%
12 Au bout des rêves (feat. Mister Rudie & Trade Union)
29%
14 Au fond de la classe (feat. Intouchable)
29%
10 Bakel City Gang
29%
12 Billets violets
29%
5 Caracas
29%
7 Caramel
29%
10 CVBSP
29%
14 Dernière fois (feat. Bramsito)
29%
16 Destinée (feat. Kayna Samet)
29%
3 Ecoute bien
29%
2018 Gotham
29%
13 Grain de sable (feat. Elia)
29%
13 Gun In Hand (feat. Akon)
29%
4 Illégal
29%
17 Inédit
29%
10 Interlude
29%
6 Izi Life (feat. Akon & 92I)
29%
2 Izi Monnaie
29%
14 Jack Da
29%
2020 Jauné (feat. Zed)
29%
3 Jimmy deux fois
29%
7 Killer
29%
7 King (feat. Rock City)
29%
8 La Faucheuse
29%
1 Les derniers seront les premiers
29%
8 Les meilleurs (feat. 40000 Gang)
29%
9 L'olivier
29%
10 LVMH
29%
4 Ma couleur
29%
6 Magnifique
29%
12 Maître Yoda
29%
14 Marche Ou Crève
29%
16 (remix) Marche Ou Crève - Busy P Remix
29%
2016 M.L.C (feat. Niska)
29%
16 Outro
29%
15 Paname
29%
5 Parlons peu
29%
11 Pazalaza Pour Sazamuser (feat. Brams & I2S)
29%
6 Pirates
29%
12 R.A.S
29%
7 Rats des villes
29%
6 Repose en paix
29%
2025 (remix) Repose en paix (feat. Ateph Elidja, Hippie Noir & SubLife)
29%
12 Ridin'
29%
8 Salades Tomates Oignons (feat. Djé)
29%
2026 Seychelles
29%
11 Soldats (feat. Naadei)
29%
16 Temps mort 2.0 (feat. Lino)
29%
9 1.8.7 (feat. Rick Ross)
14%
13 45 Scientific (feat. Dosseh)
14%
4 A3
14%
9 A4
14%
8 Abidal (feat. Sicario)
14%
10 À la folie
14%
7 All Set
14%
10 Alter Ego (feat. Wayne Wonder)
14%
2019 Arc-en-ciel
14%
2025 (remix) Arc En Ciel (feat. PAGEZ & SubLife)
14%
13 Avant De Partir (feat. Leya Masry)
14%
2022 Baby (feat. Dala)
14%
7 Baby (feat. Nessbeal)
14%
2015 Balti (feat. Gradur)
14%
9 Bénigni (feat. USKY)
14%
4 Boîte vocale
14%
4 Bonne journée (feat. SDM)
14%
5 Bouyon (feat. Gato)
14%
7 Ca va aller (feat. Niska & Sidiki Diabaté
14%
1 Centurion
14%
5 C'est la vie (feat. 2 Chainz)
14%
2021 Chicha menthe (feat. Bilton)
14%
15 Couleur ébène
14%
14 De mauvaise augure
14%
5 Double poney
14%
3 Drapeau noir
14%
2 Friday
14%
2025 (remix) Friday (feat. Ibara & SubLife)
14%
10 Game Over
14%
14 Gangster
14%
2021 Geronimo
14%
7 GM (feat. Evil P & Gato)
14%
12 Habibi
14%
5 Hors-Saison
14%
2025 Ici C'est Paris (feat. Blessd)
14%
2 Indépendants
14%
10 Je me souviens (feat. Kennedy)
14%
5 Jusqu'ici tout va bien
14%
2024 Këur
14%
2018 KYLL (feat. Médine)
14%
2013 L.E.F (feat. Kaaris)
14%
11 Le météore
14%
4 Loin d'ici
14%
1 Mauvais garçon
14%
16 Me-ca (feat. Djé)
14%
6 Mon pays
14%
2018 MQTB (feat. Dosseh)
14%
15 Mr.Kopp
14%
2025 (remix) Nautilus (feat. AKIRA BPM, Ghenda, Rama & SubLife)
14%
2024 (remix) Nautilus (feat. Ghenda & SubLife)
14%
13 Nouvelle école (feat. Mala)
14%
13 Pigeons
14%
2021 RAPTI WORLD
14%
1 Rebel
14%
2007 Reste en chien (feat. La Fouine)
14%
2015 Roulé fort (feat. Gato)
14%
2018 Sale mood (feat. Bramsito)
14%
5 | 2023 Signé
14%
10 Si tu savais (feat. 92I)
14%
4 | 2023 Sport Billy
14%
15 Strass & paillettes (feat. Ali)
14%
9 Terrain
14%
2013 Tout est noir (feat. Gato)
14%
2020 TOUT GACHER (feat. Green Montana)
14%
4 Trône
14%
2017 Tuba Life (feat. Niska)
14%
11 Vaisseau mère
14%
8 Vue sur la mer (feat. Dala)
14%
10 VVV (feat. Maes)
14%
3 Wesh Morray
14%
2023 Zénith (feat. mademoiselle lou)
14%
11 31 (feat. Gato)
0%
2021 32 (feat. Dala)
0%
2023 3.5.7 (feat. USKY)
0%
7 92 izi (feat. Malekal Morte)
0%
2015 A.T.R (feat. twinsmatic)
0%
2025 Autoroute du Soleil (feat. Keman)
0%
2 Azerty
0%
3 B20ba
0%
9 Bad Boy Street (feat. Demarco)
0%
2003 Banlieue (feat. 113)
0%
2018 BB
0%
3 Belluci (feat. Future)
0%
2007 Bienvenue Dans Le Texas (feat. Tony Parker)
0%
2025 Bonne Mentale (feat. Chaax & Keman)
0%
6 Boss du rap game
0%
5 Boubli
0%
2012 Call of bitume (feat. Rim'k)
0%
2022 Caméléon (feat. Timal)
0%
2020 CAVALIERO
0%
3 Commis D'Office (feat. Mala)
0%
2023 Cyanure (feat. Sicario)
0%
2017 Daniel Sam
0%
2023 Danser (feat. KRN)
0%
2011 Die Art, wie wir leben (feat. Bushido)
0%
2020 Dolce vita
0%
2021 Dragon
0%
18 Fast Life (feat. Ryan Leslie)
0%
16 Felix Eboué
0%
8 Foetus
0%
2024 Freestyle CKO
0%
2025 (remix) Freestyle CKO (feat. AKIRA BPM, Milan Tavares & SubLife)
0%
2017 Ghetto (feat. Benash)
0%
2011 Gipsy King Kong (feat. Seth Gueko)
0%
1 GP
0%
2021 GTA (feat. JSX)
0%
2019 Haï (feat. Gato)
0%
2016 Here (feat. Christine and the Queens)
0%
2016 Infréquentables (feat. Dosseh)
0%
2022 Iste
0%
17 JDC
0%
6 Je sais
0%
2021 Kayna
0%
2017 Kiname (feat. Fally Ipupa)
0%
2022 KOA
0%
19 Kojak
0%
6 La vie en rouge
0%
2020 La zone (feat. SDM)
0%
2023 Le Code (feat. Chaax)
0%
2 Le Mal Par Le Mal
0%
2021 Leo Messi
0%
2004 Locked up (feat. Akon)
0%
2025 Magic
0%
2025 Magic - Live Symphonic - Paris La Défense Aréna 2025
0%
2007 Maman dort (feat. Mokobé)
0%
2015 Même tarif (feat. Alonzo)
0%
2022 Morocco (feat. Gato)
0%
2024 Muay Thaï
0%
2017 Mula (feat. Siboy)
0%
2006 Ne Me Parle Pas De Rue (feat. Mac Tyer)
0%
2016 N.W.A (feat. Kalash)
0%
2025 Nwar Mentality (feat. Roni0block)
0%
2017 Oh bah oui (feat. Lacrim)
0%
2005 On sait l'faire (feat. 113 & Le Rat Luciano)
0%
2025 Ororo (feat. Aïshé)
0%
8 Ouais ouais (feat. Mac Tyer)
0%
2022 Pablo
0%
2022 (remix) Pablo (feat. Maes)
0%
2023 Panenka (feat. Bilton)
0%
2019 PGP
0%
2021 Piccolo (feat. Bramsito & Gato)
0%
2021 Platine o Plomo (feat. Maes)
0%
2021 Plaza Athénée
0%
2020 POMPEII (feat. JSX)
0%
2005 Première catégorie (feat. Calbo & Lino)
0%
2021 PRT (feat. Dala & JSX)
0%
2004 Quais 54 (feat. Dany Dan, Manu Key, Oxmo Puccino, Zoxea & 16ar)
0%
13 Raptis (feat. Mavado)
0%
15 Réel (feat. T-Pain)
0%
2016 Rouge et bleu (feat. Kalash)
0%
3 RST
0%
17 Saddam Hauts-de-Seine
0%
2013 Sa Kap Fet La (feat. Gato)
0%
18 Salside
0%
9 Sans ratures (feat. Nessbeal)
0%
2009 Smack la Lune (feat. Mala)
0%
2022 Téléphone (feat. Sfera Ebbasta)
0%
14 Top niveau
0%
3 Tout et tout de d'suite
0%
2022 Trophée (feat. UZI)
0%
8 U2L (feat. twinsmatic)
0%
2021 VARIANT
0%
2022 Yamanaka (feat. Sicario)
0%
Aucun quiz correspondant
Distribution des résultats
% des personnes avec chaque résultat
Percentile par nombre de réponses
Votre historique - résultats
Vous n’avez pas pris ce quiz depuis la dernière actualisation